Central Library OPAC University of Rajshahi

Vocational guidance and career development : (Record no. 49740)

MARC details
000 -LEADER
fixed length control field 00767nam a2200241 a 4500
001 - CONTROL NUMBER
control field 49740
003 - CONTROL NUMBER IDENTIFIER
rucl marc code BD-RjUL
005 - DATE AND TIME OF LATEST TRANSACTION
control field 20211209054724.0
008 - FIXED-LENGTH DATA ELEMENTS--GENERAL INFORMATION
fixed length control field 160822m19661968nyua b 001 0 eng d
035 ## - SYSTEM CONTROL NUMBER
System control number (BD-RjUL)49860
040 ## - CATALOGING SOURCE
Original cataloging agency DLC
Transcribing agency DLC
Modifying agency UKM
-- EQO
-- BD-RjUL
Language of cataloging eng
041 ## - LANGUAGE CODE
Language code of text/sound track or separate title eng
082 ## - DEWEY DECIMAL CLASSIFICATION NUMBER
Classification number 371.425
Edition number 23
Author mark and year PEV 1968
100 1# - MAIN ENTRY--PERSONAL NAME
Personal name Peters, Herman Jacob,
Dates associated with a name 1917-
9 (RLIN) 149119
245 10 - TITLE STATEMENT
Title Vocational guidance and career development :
Remainder of title selected readings /
Statement of responsibility, etc. Herman J. Peters and James C. Hansen
260 ## - PUBLICATION, DISTRIBUTION, ETC. (IMPRINT)
Place of publication, distribution, etc. New York :
Name of publisher, distributor, etc. Macmillan,
Date of publication, distribution, etc. c1966, [3rd printing 1968]
300 ## - PHYSICAL DESCRIPTION
Pagination ix, 466 p. :
Illustrations ill. ;
Size 24 cm.
500 ## - GENERAL NOTE
General note Includes index
650 #0 - SUBJECT ADDED ENTRY--TOPICAL TERM
Topical term or geographic name as entry element Vocational guidance
9 (RLIN) 149120
700 1# - ADDED ENTRY--PERSONAL NAME
Personal name Hansen, James C.
942 ## - ADDED ENTRY ELEMENTS (KOHA)
Source of classification or shelving scheme Dewey Decimal Classification
Koha item type Books
Holdings
Lost status Source of classification or shelving scheme Damaged status Not for loan Collection code Permanent Location Current Location Shelving location Date acquired Source of acquisition Cost, normal purchase price Total Checkouts Full call number Date last seen Copy number Koha item type
  Dewey Decimal Classification     Non-fiction Central Library, University of Rajshahi Central Library, University of Rajshahi   25/02/1971 Zeitlinger 45.00   371.425 PEV 1968 22/08/2016 C-2 Books